Medical heritage of early india:an anthropology/ (Record no. 198841)

MARC details
000 -LEADER
fixed length control field 00570nam a22001937a 4500
005 - DATE AND TIME OF LATEST TRANSACTION
control field 20231025122737.0
010 ## - LCCN (DPL NO)
LC control number ENG-138296
020 ## - INTERNATIONAL STANDARD BOOK NUMBER
International Standard Book Number 9789380336855
Terms of availability 600.00
035 ## - SYSTEM CONTROL NUMBER
System control number EN-121828
037 ## - SOURCE OF ACQUISITION
Source of stock number/acquisition DBAD/PUB
082 ## - DEWEY DECIMAL CLASSIFICATION NUMBER
Classification number 615.538
Item number 1
100 ## - MAIN ENTRY--PERSONAL NAME
Personal name Das, Sukla
245 ## - TITLE STATEMENT
Title Medical heritage of early india:an anthropology/
Statement of responsibility, etc Sukla Das
260 ## - PUBLICATION, DISTRIBUTION, ETC. (IMPRINT)
Place of publication, distribution, etc Kolkata
Name of publisher, distributor, etc Maha bodhi book agency
Date of publication, distribution, etc 2014
270 ## - ADDRESS
Address 4A Bankim chatterjee street
City Kolkata
Postal code 700073
300 ## - PHYSICAL DESCRIPTION
Extent 283p.
Dimensions 22cm(HB)
710 ## - ADDED ENTRY--CORPORATE NAME
9 (RLIN) 57990
942 ## - ADDED ENTRY ELEMENTS (KOHA)
Source of classification or shelving scheme Dewey Decimal Classification
Item type English Books
Classification part 615.538
Call number suffix DAS
Holdings
Withdrawn status Lost status Not for loan Collection code Home library Current library Date acquired Source of acquisition Cost, normal purchase price Full call number Barcode Copy number Cost, replacement price Koha item type
      Non-fiction Bawana Bawana 25/10/2023 DBAD/PUB 600.00 615.538 DAS EN-121828 1 600.00 English Books

© Delhi Public Library
Hit Counter
free hit counter